| 000 | 00653nam a22002177a 4500 | ||
|---|---|---|---|
| 999 |
_c10945 _d10945 |
||
| 003 | AR-CdUCM | ||
| 008 | 190402b ||||| |||| 00| 0 spa d | ||
| 040 |
_aMUNICIPALIDAD PROVINCIAL DEL CUSCO _cBIBLIOTECA MUNICIPAL DEL CUSCO |
||
| 082 |
_aC / 869.56 / _bJ53C |
||
| 100 |
_aJimenez Miranda, Dino _924932 |
||
| 245 |
_aEl candidato del pueblo : _b(el enano tísico) / |
||
| 260 |
_aCusco : _bGalaxia, _c1985. |
||
| 300 |
_a43 páginas ; _bfiguras, _c20 cm. |
||
| 505 | _aContenido: Cuento. | ||
| 650 |
_aLiteratura Peruana _9132 |
||
| 650 |
_aCusco _9772 |
||
| 650 |
_aSiglo XX _98 |
||
| 650 |
_aCuento _94671 |
||
| 942 |
_2ddc _cLIBROS |
||
| 945 | _aachl | ||